La historia falsa y otros escritos

Saved in:
Bibliographic Details
Main Author: Canfora, Luciano (Author)
Format: Book
Language:Spanish
Published: Madrid Capitán Swing Libros 2013
Edition:1a. ed
Series:Colección Entrelíneas
Subjects:
Tags: Add Tag
No Tags, Be the first to tag this record!

MARC

LEADER 00000cam a2200000 a 4500
001 UCC0097
003 CL-VaPUC
008 170721e20130000sp |||||||||||||||||spa|d
020 |a 9788494169045 
082 0 4 |a 940  |b CAN  |2 21 
100 0 |a Canfora, Luciano  |e author  |9 594016 
245 1 3 |a La historia falsa y otros escritos 
250 |a 1a. ed 
300 |a 406 p 
942 |c BK 
945 |d 20170721 23:47:00  |a dcastane 
260 |a Madrid  |b Capitán Swing Libros  |c 2013 
650 0 |a Historia de Europa  |9 392003 
650 0 |a Ideologías políticas   |9 255735 
583 |a last modification  |c 20170721 23:47:00  |k Rodrigo Vera 
490 0 |a Colección Entrelíneas 
999 |c 369045  |d 369043 
952 |0 0  |1 0  |3 erb  |4 0  |6 940_000000000000000_CAN_2013  |7 0  |8 A  |9 484581  |a BIBHIS  |b BIBHIS  |i 5409330  |l 2  |o 940 CAN 2013  |p 5409330  |r 2025-01-20  |s 2024-10-01  |w 2019-11-24  |y BK  |z Catalogado en:20170721  |k HIS